| 000 | 00674nam a2200205 a 4500 | ||
|---|---|---|---|
| 001 | 000044461 | ||
| 005 | 20201002045406.0 | ||
| 008 | 140702s2009 bl 000 p spa d | ||
| 020 | _a9788528614138 | ||
| 040 |
_aDO-SdBNP _bspa _cBNPHU |
||
| 082 |
_aB869.4 _bE77s |
||
| 100 | 1 |
_aEspinheira Filho, Ruy _d1942- _972479 |
|
| 245 | 1 | 0 |
_aSob o céu de Samarcanda : _bpoemas / _cRuy Espinheira Filho. |
| 260 |
_aRio de Janeiro : _bBertrand Brasil, _c2009. |
||
| 300 |
_a240 p. ; _c21 cm. |
||
| 500 | _aIncluye datos biográficos del autor en las solapas | ||
| 650 | 4 |
_aPoesía brasileña _9822 |
|
| 650 | 4 |
_aLiteratura brasileña _9823 |
|
| 910 | _aValidado. Control de calidad MFF | ||
| 999 |
_c43950 _d43950 |
||